Monumentos arqueológicos de México / (Record no. 108876)

MARC details
000 -LEADER
campo de control de longitud fija 00596nam a2200157 i 4500
001 - NÚMERO DE CONTROL
campo de control 108876
003 - IDENTIFICADOR DE NÚMERO DE CONTROL
campo de control ES-MaACL
005 - FECHA Y HORA DE LA ÚLTIMA TRANSACCIÓN
campo de control 20230906184729.0
007 - CAMPO FIJO DE DESCRIPCIÓN FÍSICA--INFORMACIÓN GENERAL
campo de control de longitud fija t|
008 - DATOS DE LONGITUD FIJA--INFORMACIÓN GENERAL
campo de control de longitud fija 061121s1933 mx r ||||1| spa d
110 2# - ENTRADA PRINCIPAL--NOMBRE DE ENTIDAD CORPORATIVA
Nombre de entidad corporativa o nombre de jurisdicción como elemento de entrada México.
Unidad subordinada Dirección de Monumentos Prehispánicos.
9 (RLIN) 5696
245 10 - MENCIÓN DEL TÍTULO
Título Monumentos arqueológicos de México /
Mención de responsabilidad, etc. Publicaciones de la Secretaría de Educación Pública. Departamento de Monumentos. Dirección de Monumentos Prehispánicos.
260 ## - PUBLICACIÓN, DISTRIBUCIÓN, ETC.
Lugar de publicación, distribución, etc. México :
Nombre del editor, distribuidor, etc. [s.n.],
Fecha de publicación, distribución, etc. 1933 (
Fabricante Tall. gráf. de la Nación)
300 ## - DESCRIPCIÓN FÍSICA
Extensión XIV, 150 p. ;
Dimensiones 24 cm.
852 ## - LOCALIZACIÓN
Ubicación ES-MaACL
Número de control de estantería A-1896
Holdings
Estatus retirado Estado de pérdida Estado de daño No para préstamo Biblioteca de origen Biblioteca actual Ubicación en estantería Fecha de adquisición Fuente de adquisición Total de préstamos Signatura topográfica completa Código de barras Visto por última vez Precio de reemplazo Tipo de ítem Koha
        Biblioteca del Ateneo de Madrid Biblioteca del Ateneo de Madrid Sala Pecera Planta 1 17/01/2008     A-1896 1113608 23/02/2023 23/02/2023 Libro impreso